| 000 | 02409nam a2200385 i 4500 | ||
|---|---|---|---|
| 001 | 000002999 | ||
| 003 | DO-SdBNP | ||
| 005 | 20231002121047.0 | ||
| 007 | ta | ||
| 008 | 090630s2002 dr r 000 0 spa d | ||
| 020 | _a9993430412 | ||
| 040 |
_aDO-SdBNP _bspa _cBNPHU _erda |
||
| 082 | 4 |
_a330.97293 _bC744n, 2001 _222 |
|
| 111 |
_aConcurso Biblioteca Juan Pablo Duarte _96999 _d(2002 : _cSanto Domingo) |
||
| 245 | 1 | 0 |
_aNueva literatura económica dominicana : _bpremios del concurso Biblioteca "Juan Pablo Duarte", 2001 / _cPeter Prazmowski ... [et al.] ; edición, Grey S. de Raful, Betania Corletto ; prólogo, Luis Manuel Piantini Munnigh ; agradecimientos, Francisco Guerrero Prats. |
| 246 | 1 | 3 | _aPremios del Concurso Biblioteca "Juan Pablo Duarte" |
| 264 |
_aSanto Domingo : _bBanco Central de la República Dominicana. Departamento Cultural, _c2002 |
||
| 300 |
_a280 páginas ; _c23 cm. |
||
| 336 |
_2rdacontent _atexto _btxt |
||
| 337 |
_2rdamedia _asin mediación _bn |
||
| 338 |
_2rdacarrier _avolumen _bnc |
||
| 490 |
_aBanco Central de la República Dominicana ; _v51 |
||
| 490 |
_aNueva literatura económica ; _v5 |
||
| 505 | 0 | _aPrólogo -- Agradecimiento -- Primera parte. Consumo, ahorro y la teoría del ciclo vital estocástico con movilidad parcial de capitales : El caso de la República Dominicana / Peter A. Prazmowski -- Segunda parte. La programación financiera y la gestión pública / Rodrigo Jaque García -- Tercera parte. "Dominicana en la era de la globalizacióón" / Jerson Del Rosario -- Cuarta parte. Simulación de desempeño de Fondos de Pensiones / Felipe Antonio Llaugel -- Quinta parte. "Viabilidad del comercio electrónico en el mercado dominicano" / Marjorie Castillo Tezanos -- Colección del Banco Central de la República Dominicana. | |
| 590 | _aInventariado, 2018/ YL | ||
| 650 | 4 |
_aAdministradoras de fondos de pensiones _vCongresos, conferencias, etc. _99525 |
|
| 651 | 4 |
_aRepública Dominicana _xCondiciones económicas _vCongresos, conferencias, etc. _97000 |
|
| 651 | 4 |
_aRepública Dominicana _xPolítica económica _vCongresos, conferencias, etc. _97001 |
|
| 700 | 1 |
_aRaul, Grey S. de, _cedición _99526 |
|
| 700 | 1 |
_aCorletto, Betania, _eedición _99527 |
|
| 710 | 2 |
_aBanco Central de la República Dominicana. _bDepartamento Cultural. _97006 |
|
| 830 | 0 |
_aBnco Central de la _984321 |
|
| 910 | _aValidado. Control de calidad MFF | ||
| 942 |
_2ddc _cLBS1 |
||
| 999 |
_c2831 _d2831 |
||